| 000 | 03288nam a2201045 i 4500 | ||
|---|---|---|---|
| 001 | nkc20253666879 | ||
| 003 | CZ PrSKC | ||
| 005 | 20260417154239.0 | ||
| 007 | ta | ||
| 008 | 250115s2024 xr ac e 000 0acze | ||
| 015 | _acnb003666879 | ||
| 020 |
_a9788074435348 _q(vázáno) |
||
| 040 |
_aBOA001 _bcze _erda |
||
| 043 |
_ae-xr--- _be-xr-jm _2czenas |
||
| 045 | _ax2x7 | ||
| 072 | 7 |
_a394 _xVeřejný a společenský život. Každodenní život _2Konspekt |
|
| 072 | 7 |
_a929 _xBiografie _2Konspekt |
|
| 080 |
_a316.346.32-053.9 _2MRF |
||
| 080 |
_a316.728 _2MRF |
||
| 080 |
_a94-021.143 _2MRF |
||
| 080 |
_a930.2-028.16 _2MRF |
||
| 080 |
_a94(437.322) _2MRF |
||
| 080 |
_a929 _2MRF |
||
| 080 |
_a(437.322) _2MRF |
||
| 080 |
_a(0:82-94) _2MRF |
||
| 245 | 0 | 0 |
_aMám to před očima, jako by to bylo dnes : _bze vzpomínek pamětníků na dvacátá až šedesátá léta 20. století na Brněnsku i jinde / _cJakub Fišer (ed.) |
| 250 | _aVydání prvé | ||
| 264 | 1 |
_aBrno : _bVětrné mlýny ve spolupráci s příspěvkovou organizací Domov pro seniory Mikuláškovo nám., _c2024 |
|
| 300 |
_a229 stran : _bilustrace (některé barevné), portréty ; _c25 cm |
||
| 336 |
_atext _btxt _2rdacontent |
||
| 337 |
_abez média _bn _2rdamedia |
||
| 338 |
_asvazek _bnc _2rdacarrier |
||
| 520 | 2 | _aObyvatelé moravské metropole a blízkého okolí ve svých vzpomínkách líčí své životní osudy v kontextu dramatických událostí dějin českých zemí od dvacátých až do šedesátých let minulého století. | |
| 648 | 7 |
_a1921-1970 _2czenas |
|
| 648 | 7 |
_a20. století _2czenas |
|
| 650 | 0 | 7 |
_asenioři _zČesko _2czenas |
| 650 | 0 | 7 |
_akaždodenní život _zČesko _y20. století _2czenas |
| 650 | 0 | 7 |
_audálosti _zČesko _y20. století _2czenas |
| 650 | 0 | 7 |
_aorální historie _zČesko _y20. století _2czenas |
| 650 | 0 | 9 |
_aolder people _zCzechia _2eczenas |
| 650 | 0 | 9 |
_aeveryday life _zCzechia _y20th century _2eczenas |
| 650 | 0 | 9 |
_aevents _zCzechia _y20th century _2eczenas |
| 650 | 0 | 9 |
_aoral history _zCzechia _y20th century _2eczenas |
| 651 | 7 |
_aBrno (Česko : oblast) _xdějiny _y20. století _2czenas |
|
| 651 | 9 |
_aBrno Region (Czechia) _xhistory _y20th century _2eczenas |
|
| 655 | 7 |
_aautobiografické vzpomínky _2czenas |
|
| 655 | 9 |
_aautobiographical reminiscences _2eczenas |
|
| 700 | 1 |
_aFišer, Jakub, _d1985- _4edt |
|
| 900 | _b18 | ||
| 910 | _aABA010 | ||
| 910 | _aABB083 | ||
| 910 | _aABE301 | ||
| 910 | _aABE343 | ||
| 910 | _aABG001 | ||
| 910 | _aBOA001 | ||
| 910 | _aBOD001 | ||
| 910 | _aBOE016 | ||
| 910 | _aBOE303 | ||
| 910 | _aBOE310 | ||
| 910 | _aBOE451 | ||
| 910 | _aBOG001 | ||
| 910 | _aCBA001 | ||
| 910 | _aCLG001 | ||
| 910 | _aCRG001 | ||
| 910 | _aCVG001 | ||
| 910 | _aHBG001 | ||
| 910 | _aHKA001 | ||
| 910 | _aKAG503 | ||
| 910 | _aKHG001 | ||
| 910 | _aKLG001 | ||
| 910 | _aKLG002 | ||
| 910 | _aKVG001 | ||
| 910 | _aLIA001 | ||
| 910 | _aMBG001 | ||
| 910 | _aMOG001 | ||
| 910 | _aOLA001 | ||
| 910 | _aOLG001 | ||
| 910 | _aOSA001 | ||
| 910 | _aPAG001 | ||
| 910 | _aPEG001 | ||
| 910 | _aPNA001 | ||
| 910 | _aTPG502 | ||
| 910 | _aUHG001 | ||
| 910 | _aULG001 | ||
| 910 | _aUOG505 | ||
| 910 | _aVYG001 | ||
| 910 | _aZLG001 | ||
| 910 | _aZRG001 | ||
| 942 |
_2ddc _cKNIHA _n0 |
||
| 999 |
_c1874 _d1874 |
||